000 00640nam a2200277Ia 4500
005 20260324141447.0
008 008 260324s9999 xx 000 0 eng d
020 _a9781003573463
037 _aEBOOK
040 _aCRL
040 _beng
040 _cCRL
041 _2eng
041 _aeng
084 _qCRL
100 _aKaren Maschke
_91208271
245 0 _aPornography, Sex Work, and Hate Speech
260 _bTaylor and Francis
260 _c1997
365 _a
365 _b205
856 _uhttp://www.taylorfrancis.com/books/9781003573463
942 _cEBOOK
999 _c1811399
_d1811399